HIV/AIDS and nutrition (Record no. 45625)
[ view plain ]
| 000 -LEADER | |
|---|---|
| fixed length control field | 00750nam a2200193 a 4500 |
| 008 - FIXED-LENGTH DATA ELEMENTS--GENERAL INFORMATION | |
| fixed length control field | 061108s2000 ||||||||||||||||| || u |
| 050 ## - LIBRARY OF CONGRESS CALL NUMBER | |
| Classification number | RA 644.A25 Piw |
| 100 ## - MAIN ENTRY--PERSONAL NAME | |
| Personal name | Piwoz, Ellen G |
| 245 10 - TITLE STATEMENT | |
| Title | HIV/AIDS and nutrition |
| 246 ## - VARYING FORM OF TITLE | |
| Title proper/short title | a review of the literature and recommendations for nutritional care and support in Sub-Saharan Africa |
| 260 ## - PUBLICATION, DISTRIBUTION, ETC. | |
| Place of publication, distribution, etc. | Washington, D. C |
| Name of publisher, distributor, etc. | SARA |
| Date of publication, distribution, etc. | 2000 |
| 300 ## - PHYSICAL DESCRIPTION | |
| Extent | x, 54p.;ill |
| 350 ## - PRICE (NR) (BK AM CF MU VM SE) [OBSOLETE] | |
| Price | 0.00 |
| 650 ## - SUBJECT ADDED ENTRY--TOPICAL TERM | |
| Topical term or geographic name entry element | HIV/AIDS--AFRICA, SUB-SAHARAN |
| 650 ## - SUBJECT ADDED ENTRY--TOPICAL TERM | |
| Topical term or geographic name entry element | HEALTH |
| 650 ## - SUBJECT ADDED ENTRY--TOPICAL TERM | |
| Topical term or geographic name entry element | NUTRITION--SUB-SAHARAN, AFRICA |
| 700 ## - ADDED ENTRY--PERSONAL NAME | |
| Personal name | Prebble, Elizabeth A |
| 995 ## - RECOMMENDATION 995 [LOCAL, UNIMARC FRANCE] | |
| -- | 0.00 |
| -- | CBU-MAIN LIBRARY (Kitwe) |
| -- | 1 |
| -- | 0.00 |
| -- | 1 |
| -- | AVAILABLE |
| -- | Nov 8, 2006 |
| -- | Annex Low-Usage Collection |
| Withdrawn status | Lost status | Source of classification or shelving scheme | Damaged status | Not for loan | Home library | Current library | Shelving location | Date acquired | Total Checkouts | Full call number | Barcode | Date last seen | Price effective from | Koha item type |
|---|---|---|---|---|---|---|---|---|---|---|---|---|---|---|
| CBU-MAIN LIBRARY, KITWE. | CBU-MAIN LIBRARY, KITWE. | 11/30/2022 | RA 644.A25 Piw | 52615 | 11/30/2022 | 11/30/2022 | MONOGRAPH |